日本国憲法の章 - Statistics

General Stats
  • This quiz has been taken 119 times
  • The average score is 6 of 12
Answer Stats
Hint Answer % Correct
第一章 天皇
86%
第四章 国会
76%
前文
72%
第六章 司法
70%
第五章 内閣
68%
第八章 地方自治
48%
第九章 改正
43%
第二章 戦争の放棄
34%
第十一章 補則
34%
第七章 財政
21%
第十章 最高法規
21%
第三章 国民の権利及び義務
13%
No matching quizzes found
Score Distribution
Percent of People with Each Score
Percentile by Number Answered
Your Score History
You have not taken this quiz